| 000 | 00572nam a22001457a 4500 | ||
|---|---|---|---|
| 003 | MACL | ||
| 005 | 20190504155031.0 | ||
| 008 | 190504b xxu||||| |||| 00| 0 eng d | ||
| 040 | _cMACL | ||
| 100 |
_aनिर्मम,डॉ. हेमराज _974757 |
||
| 245 | _aमारिशस की हिन्दी कहानी में व्यक्त सामाजिक चेतना | ||
| 260 |
_aदिल्ली _bशिल्पी प्रकशन _c2015 |
||
| 650 |
_aकहानी साहित्य _969293 |
||
| 942 |
_2ddc _cHIN |
||
| 999 |
_c59683 _d59683 |
||